000 00618nam a2200241Ia 4500
003 OSt
005 20221007072540.0
006 a|||||r|||| 00| 0
007 ta
008 221006b |||||||| |||| 00| 0 eng d
024 _a25,891
037 _cTextual
040 _aFLL
_cFLL
_beng
041 _2eng
_aeng
082 _aZ3:121, K3
100 _aTolstoy D.
_9690918
245 0 _aDivorce and matrimonial causes
250 _a5th
260 _aLondon
_bSweet & Maxwell London
_c1963
300 _alxi,1-604p
_ccm.
942 _hZ3:121, K3
_cTEXL
_2CC
999 _c1146389
_d1146389